Tous les royaumes et pays ayant eu une part du territoire coréen - Statistiques

Statistiques générales
  • Ce quiz a été pris 139 fois
  • Le résultat moyen est 5 sur 18
Statistiques - réponses
Hint Réponse % Correct
1905-1945 Empire du Japon
96%
1948-présent République populaire démocratique de Corée
80%
1948-présent République de Corée
77%
1945-1948 Gouvernement militaire de l'armée des Etats-Unis en Corée
68%
1945-1948 Administration soviétique de la Corée
53%
1392-1897 Joseon
26%
1232-1270 Empire mongol
24%
-57-935 Silla
23%
1644-1895 Chine Qing
21%
-18-660 Baekje
14%
918-1392 Goryeo
14%
-37-668 Goguryeo
12%
660-676 Chine Tang
11%
1270-1364 Chine Yuan
11%
1897-1910 Empire coréen
5%
698-934 Balhae
4%
42-567 Gaya
4%
900-936 Hubaekje
2%
Aucun quiz correspondant
Distribution des résultats
% des personnes avec chaque résultat
Percentile par nombre de réponses
Votre historique - résultats
Vous n’avez pas pris ce quiz